00325nam a2200097Ia 4500008004100000082001700041100002100058245003300079260003300112650008200145211119s9999||||xx |||||||||||||| ||und|| a539.7bKRA-I aKrane, Kenneth S 0aIntroductory Nuclear Physics bWiley IndiaaNew Delhic1988 a Natural sciences & mathematicsv PhysicsModern physicsPhysicsxGeneral Stack